| 000 | 01177nam a2200289 i 4500 | ||
|---|---|---|---|
| 003 | DO-SdBNP | ||
| 005 | 20230530132552.0 | ||
| 007 | ta | ||
| 008 | 220914e1984 dr |||grc|||o001 0dspa d | ||
| 040 |
_aDO-SdBNP _bspa _cBNPHU _erda |
||
| 082 | 4 |
_bF356n,1984 _222 |
|
| 111 |
_aFeria Nacional del Libro _n(XIIª : _d1984: _cSanto Domingo) _982367 |
||
| 245 | 1 | 0 |
_aXII feria nacional del libro: _bhomenaje a Pedro Henríquez Ureña : programa de clausura |
| 246 |
_aDuodécima feria nacional del libro: _bhomenaje a Pedro Henríquez Ureña. |
||
| 260 | 4 | _b1984 | |
| 264 |
_aSanto Domingo : _bComisión Organizadora Permanente de la Feria Nacional del Libro, _c1984 |
||
| 300 |
_ap. [7]: _c21 cm. |
||
| 336 |
_2rdacontent _atexto _btxt |
||
| 337 |
_2rdamedia _asin mediación _bn |
||
| 338 |
_2rdacarrier _avolumen _bnc |
||
| 500 | _aIncluye datos biográficos del autor en la contracubierta. | ||
| 590 | _aInventariado 2022 / MF | ||
| 611 | 4 |
_aFeria Internacional del Libro _d(1984: _cSanto Domingo, República Dominicana) _xPedro Heríquez Ureña _982368 |
|
| 650 | 4 |
_aFeria del libro _xPedro Henríquez Ureña _zRepública Dominicana _982369 |
|
| 910 | _aMFeliz | ||
| 942 |
_2ddc _cLF2 |
||
| 999 |
_c52398 _d52398 |
||